Część Flag Europy w 20 sekund - Statystyki

Ogólne statystyki
  • Ten quiz został rozwiązany 90 razy
  • Średni wynik to 5 z 17
Statystyki odpowiedzi
Odpowiedź Flagi % Poprawnych
Polska / PL 🇵🇱
100%
Albania / AB 🇦🇱
84%
Białoruś / BR 🇧🇾
48%
Bułgaria / BU 🇧🇬
46%
Chorwacja / CH 🇭🇷
46%
Finlandia / FL 🇫🇮
38%
Niemcy / NC 🇩🇪
38%
Irlandia / IRL 🇮🇪
16%
Dania / DN 🇩🇰
14%
Czechy / RC 🇨🇿
13%
Norwegia /NR 🇳🇴
11%
Francja / FC 🇫🇷
7%
Luksemburg / LX 🇱🇺
5%
Austria / AU 🇦🇹
4%
Czarnogóra / CG 🇲🇪
4%
Estonia / E 🇪🇪
4%
Grecja / GCA 🇬🇷
4%
Nie znaleziono quizów pasujących do podanych kryteriów
Rozkład punktacji
Procent ludzi z każdym wynikiem
Percentyl według liczby udzielonych odpowiedzi
Twoja historia wyników
Nie rozwiązałeś tego quizu